000 00401nam a2200145Ia 4500
008 230917s9999||||xx |||||||||||||| ||und||
040 _e177548
_aMAIN
041 _aEnglish
082 _a891.43275 GV959H
100 _aगुप्त, विपिन
245 0 _aहिन्दी नाटकः समसामयिक परिवेश
260 _c1998
300 _a248 p.
942 _cTH
999 _c87868
_d87868